000 nam a22 7a 4500
999 _c7801
_d7801
008 171013b xxu||||| |||| 00| 0 eng d
100 _aChandra.R
_94278
245 _aMathematics-VI
260 _aNew Delhi